Decreto N. 24 emanado por el C. Benito Juarez, gobernador constitucional del Estado libre de Oaxaca... Art. 1° Se legalizan los pagos que verificare ó hubiere verificado la tesorería del Estado, de los sueldos que vencieron los funcionarios y empleados de la administracion de hecho hasta la fecha en que de hecho ó por órden de autoridad legitima fueron separados de los destinos... Palacio del gobierno de Oaxaca, agosto 30 de 1849

Detalles Bibliográficos
Autor principal: Juárez, Benito, 1806-1872
Otros Autores: Ruíz, Manuel
Formato: Libro
Lenguaje:Spanish
Publicado: Oaxaca : s.n., 1849.
Materias:
Colección:Banco de datos
Acervo:Universidad Autónoma Benito Juárez de Oaxaca. Biblioteca Francisco de Burgoa. Colección pliegos sueltos
Descripción Física:1 h. ; (21 x 15 cm.)
Tema general:Administración
Notas:Texto a renglón seguido
LEADER 01292nam a22002170004500
035 |a 79 
041 0 |a spa 
100 1 |a Juárez, Benito, 1806-1872 
240 0 0 |a Decreto, 1849-08-30 
245 1 0 |a Decreto N. 24 emanado por el C. Benito Juarez, gobernador constitucional del Estado libre de Oaxaca... Art. 1° Se legalizan los pagos que verificare ó hubiere verificado la tesorería del Estado, de los sueldos que vencieron los funcionarios y empleados de la administracion de hecho hasta la fecha en que de hecho ó por órden de autoridad legitima fueron separados de los destinos... Palacio del gobierno de Oaxaca, agosto 30 de 1849 
260 |a Oaxaca : s.n., 1849. 
300 |a 1 h. ; (21 x 15 cm.) 
500 |a Texto a renglón seguido 
504 |a Este documento impreso no tiene portada sino una rúbrica o título de partida al comienzo del texto de donde se ha tomado el título 
610 1 4 |a Gobierno del Estado de Oaxaca (México) 
650 1 0 |a Administración 
700 1 |a Ruíz, Manuel 
852 |a Universidad Autónoma "Benito Juárez" de Oaxaca, Biblioteca Francisco de Burgoa, Colección pliegos sueltos 24979 
942 |c BURPLI 
943 |g Universidad Autónoma Benito Juárez de Oaxaca. Biblioteca Francisco de Burgoa. Colección pliegos sueltos 
999 |c 1126351  |d 1126351